[Event "ESP-ch Rapid 2018"]
[Site "Linares"]
[Date "2018.08.19"]
[Round "9"]
[White "Fernandez Diaz, Ignacio"]
[Black "Sanchez Jimenez, Juan Carlos"]
[Result "0-1"]
[WhiteElo "2071"]
[BlackElo "2228"]
[Annotator "NA"]
[PlyCount "50"]
[EventDate "2018.08.19"]
[EventType "team-tourn"]
[EventCountry "ESP"]
[SourceTitle "playchess.com"]
[Source "ChessBase"]
[SourceQuality "1"]
[TimeControl "900+5"]

1. e4 {[%emt 0:00:00]} e6 {[%emt 0:00:00]} 2. d4 {[%emt 0:00:00]} d5 {[%emt 0:00:00]} 3. exd5 {[%emt 0:00:00]} exd5 {[%emt 0:00:00]} 4. Nf3 {[%emt 0:00:01]} Nc6 {[%emt 0:00:00]} 5. Bb5 {[%emt 0:00:01]} Bd6 {[%emt 0:00:04]} 6. c4 {[%emt 0:00:06]} dxc4 {[%emt 0:00:06]} 7. d5 {[%emt 0:00:01]} a6 {[%emt 0:00:01]} 8. Ba4 {[%emt 0:00:04]} b5 {[%emt 0:00:03]} 9. dxc6 {[%emt 0:00:03]} bxa4 {[%emt 0:00:01]} 10. Nbd2 {[%emt 0:00:21]} Be6 {[%emt 0:03:47]} 11. Qxa4 {[%emt 0:00:28]} Ne7 {[%emt 0:00:01]} 12. Nxc4 {[%emt 0:00:29]} Bd5 {[%emt 0:00:14]} 13. Nd4 {[%emt 0:01:38]} Bc5 {[%emt 0:00:31]} 14. Ne3 {[%emt 0:02:19]} Rb8 {[%emt 0:01:32]} 15. Bd2 {[%emt 0:01:10]} Bxg2 {[%emt 0:00:35]} 16. Rg1 {[%emt 0:00:34]} Qxd4 {[%emt 0:00:52]} 17. Qxd4 {[%emt 0:01:15]} Bxd4 {[%emt 0:00:02]} 18. Rxg2 {[%emt 0:00:10]} Rxb2 {[%emt 0:00:17]} 19. O-O-O {[%emt 0:01:22]} Rxa2 {[%emt 0:00:27]} 20. Nc2 {[%emt 0:00:08]} Bf6 {[%emt 0:00:13]} 21. Bf4 {[%emt 0:00:57]} Nxc6 {[%emt 0:00:21]} 22. Bxc7 {[%emt 0:00:23]} O-O {[%emt 0:00:02]} 23. Rd6 {[%emt 0:00:50]} Be5 {[%emt 0:00:35]} 24. Rxc6 {[%emt 0:00:08]} Rc8 {[%emt 0:00:01]} 25. Rg5 {[%emt 0:01:19]} Bf4+ {[%emt 0:00:05]} 0-1

[Event "ESP-ch Rapid 2018"]
[Site "Linares"]
[Date "2018.08.19"]
[Round "9"]
[White "Lopez Gonzalez, Alfonso"]
[Black "Cuenca Jimenez, Jose Fernando"]
[Result "0-1"]
[WhiteElo "2063"]
[BlackElo "2506"]
[Annotator "ChessBase"]
[PlyCount "94"]
[EventDate "2018.08.19"]
[EventType "team-tourn"]
[EventCountry "ESP"]
[SourceTitle "playchess.com"]
[Source "ChessBase"]
[SourceQuality "1"]
[TimeControl "900+5"]

1. d4 {[%emt 0:00:00]} Nf6 {[%emt 0:00:00]} 2. c4 {[%emt 0:00:00]} g6 {[%emt 0:00:00]} 3. Nc3 {[%emt 0:00:00]} Bg7 {[%emt 0:00:00]} 4. e4 {[%emt 0:00:00]} d6 {[%emt 0:00:00]} 5. h3 {[%emt 0:00:00]} O-O {[%emt 0:00:06]} 6. Bd3 {[%emt 0:00:02]} Nc6 {[%emt 0:00:27]} 7. Nge2 {[%emt 0:00:08]} Nd7 {[%emt 0:02:05]} 8. Bc2 {[%emt 0:02:52]} Na5 {[%emt 0:00:25]} 9. b3 {[%emt 0:01:32]} c5 {[%emt 0:00:04]} 10. dxc5 {[%emt 0:00:19]} dxc5 {[%emt 0:00:09]} 11. Bb2 {[%emt 0:00:35]} Nc6 {[%emt 0:00:08]} 12. Rb1 {[%emt 0:01:11]} a6 {[%emt 0:00:29]} 13. O-O {[%emt 0:00:25]} Nd4 {[%emt 0:00:47]} 14. Nd5 {[%emt 0:01:20]} Nxe2+ {[%emt 0:01:20]} 15. Qxe2 {[%emt 0:00:05]} Bxb2 {[%emt 0:00:02]} 16. Rxb2 {[%emt 0:00:01]} e6 {[%emt 0:00:10]} 17. Ne3 {[%emt 0:00:26]} e5 {[%emt 0:02:18]} 18. Nd5 {[%emt 0:01:28]} Nf6 {[%emt 0:02:12]} 19. Rbb1 {[%emt 0:00:26]} Be6 {[%emt 0:00:15]} 20. Rbd1 {[%emt 0:00:44]} Bxd5 {[%emt 0:00:06]} 21. exd5 {[%emt 0:00:01]} Qd6 {[%emt 0:00:03]} 22. a3 {[%emt 0:00:23]} a5 {[%emt 0:00:12]} 23. a4 {[%emt 0:00:13]} b6 {[%emt 0:00:08]} 24. f4 {[%emt 0:01:07]} exf4 {[%emt 0:00:14]} 25. Qf3 {[%emt 0:00:06]} Nh5 {[%emt 0:00:41]} 26. Rfe1 {[%emt 0:00:08]} Rae8 {[%emt 0:00:07]} 27. Kf2 {[%emt 0:00:21]} Nf6 {[%emt 0:01:40]} 28. Rxe8 {[%emt 0:01:25]} Rxe8 29. Re1 Rxe1 {[%emt 0:00:04]} 30. Kxe1 {[%emt 0:00:01]} Qe5+ {[%emt 0:00:07]} 31. Qe2 {[%emt 0:00:13]} Nd7 {[%emt 0:00:15]} 32. Qxe5 {[%emt 0:00:52]} Nxe5 {[%emt 0:00:02]} 33. Kf2 {[%emt 0:00:02]} f5 {[%emt 0:00:13]} 34. Bb1 {[%emt 0:00:16]} Kf7 {[%emt 0:00:03]} 35. Bc2 {[%emt 0:00:01]} Kf6 {[%emt 0:00:11]} 36. Bb1 {[%emt 0:00:09]} Nf7 {[%emt 0:00:09]} 37. Bc2 Ke5 {[%emt 0:00:25]} 38. Bb1 {[%emt 0:00:29]} g5 {[%emt 0:00:16]} 39. Bc2 {[%emt 0:00:29]} Nd6 {[%emt 0:00:01]} 40. Bb1 {[%emt 0:00:08]} Kd4 {[%emt 0:00:11]} 41. Bc2 {[%emt 0:00:03]} Kc3 {[%emt 0:00:14]} 42. Bd1 {[%emt 0:00:00]} Kd2 {[%emt 0:00:06]} 43. Bf3 {[%emt 0:00:24]} Kc2 {[%emt 0:00:02]} 44. h4 {[%emt 0:00:08]} h6 {[%emt 0:00:08]} 45. hxg5 {[%emt 0:00:05]} hxg5 {[%emt 0:00:01]} 46. g3 {[%emt 0:00:01]} fxg3+ {[%emt 0:00:06]} 47. Kxg3 {[%emt 0:00:01]} Kxb3 {[%emt 0:00:01]} 0-1

[Event "ESP-ch Rapid 2018"]
[Site "Linares"]
[Date "2018.08.19"]
[Round "9"]
[White "Crespo Ruiz, Manuel Maria"]
[Black "Merario Alarcon, Andres"]
[Result "0-1"]
[WhiteElo "2026"]
[BlackElo "2406"]
[Annotator "NA"]
[PlyCount "148"]
[EventDate "2018.08.19"]
[EventType "team-tourn"]
[EventCountry "ESP"]
[SourceTitle "playchess.com"]
[Source "ChessBase"]
[SourceQuality "1"]
[TimeControl "900+5"]

1. d4 {[%emt 0:00:00]} a6 {[%emt 0:00:02]} 2. Nf3 {[%emt 0:00:02]} d5 {[%emt 0:00:08]} 3. Bf4 {[%emt 0:00:12]} e6 {[%emt 0:00:57]} 4. e3 {[%emt 0:00:03]} c5 {[%emt 0:00:23]} 5. Nbd2 {[%emt 0:00:06]} Nc6 {[%emt 0:00:06]} 6. c3 {[%emt 0:00:15]} Nf6 {[%emt 0:00:13]} 7. Bd3 {[%emt 0:00:03]} cxd4 {[%emt 0:00:16]} 8. cxd4 {[%emt 0:00:14]} Be7 {[%emt 0:01:08]} 9. O-O {[%emt 0:00:04]} O-O {[%emt 0:00:02]} 10. h3 {[%emt 0:00:24]} Bd7 {[%emt 0:00:05]} 11. Rc1 {[%emt 0:00:10]} Nb4 {[%emt 0:00:25]} 12. Bb1 {[%emt 0:02:03]} Bb5 {[%emt 0:00:13]} 13. Re1 {[%emt 0:00:03]} Nd3 {[%emt 0:00:25]} 14. Bxd3 {[%emt 0:00:20]} Bxd3 {[%emt 0:00:02]} 15. Nb3 {[%emt 0:00:07]} Bc4 {[%emt 0:00:29]} 16. Ne5 {[%emt 0:00:36]} Rc8 {[%emt 0:00:25]} 17. Nxc4 {[%emt 0:00:40]} dxc4 {[%emt 0:00:02]} 18. Nd2 {[%emt 0:00:16]} b5 {[%emt 0:00:13]} 19. Qc2 {[%emt 0:00:48]} Nd5 {[%emt 0:00:06]} 20. Qe4 {[%emt 0:00:44]} Nb4 {[%emt 0:00:54]} 21. Ra1 {[%emt 0:00:19]} Qd5 {[%emt 0:00:16]} 22. Qb1 {[%emt 0:00:15]} Nd3 {[%emt 0:00:04]} 23. Rd1 {[%emt 0:00:49]} Nxf4 {[%emt 0:00:16]} 24. exf4 {[%emt 0:00:04]} Qxd4 {[%emt 0:00:17]} 25. Ne4 {[%emt 0:00:26]} Qb6 {[%emt 0:00:02]} 26. Qc2 {[%emt 0:00:28]} Rfd8 {[%emt 0:00:28]} 27. Re1 {[%emt 0:00:07]} Rd4 {[%emt 0:00:10]} 28. Re3 {[%emt 0:00:15]} Rcd8 {[%emt 0:00:25]} 29. Rae1 {[%emt 0:00:15]} g6 {[%emt 0:00:18]} 30. Qe2 {[%emt 0:02:38]} Rd3 {[%emt 0:00:14]} 31. Qf3 {[%emt 0:00:23]} Qd4 {[%emt 0:00:14]} 32. g4 {[%emt 0:02:02]} Rxe3 {[%emt 0:00:23]} 33. Rxe3 {[%emt 0:00:02]} Qd1+ {[%emt 0:00:15]} 34. Kg2 {[%emt 0:00:08]} Qxf3+ {[%emt 0:00:05]} 35. Kxf3 {[%emt 0:00:04]} f5 {[%emt 0:00:21]} 36. Nc3 {[%emt 0:00:36]} Kf7 {[%emt 0:00:03]} 37. g5 {[%emt 0:00:14]} Bf8 {[%emt 0:00:27]} 38. Ke2 {[%emt 0:00:05]} Bg7 {[%emt 0:00:09]} 39. Nd1 {[%emt 0:00:06]} Rd4 {[%emt 0:00:08]} 40. Ra3 {[%emt 0:00:06]} Rd6 {[%emt 0:00:13]} 41. Re3 {[%emt 0:00:33]} Bd4 {[%emt 0:00:03]} 42. Ra3 {[%emt 0:00:09]} Bc5 {[%emt 0:00:02]} 43. Rf3 {[%emt 0:00:02]} Rd4 {[%emt 0:00:05]} 44. Ne3 {[%emt 0:00:12]} Bd6 {[%emt 0:00:16]} 45. Ng2 {[%emt 0:00:05]} Bb4 {[%emt 0:00:06]} 46. a3 {[%emt 0:00:08]} Ba5 {[%emt 0:00:10]} 47. b4 {[%emt 0:00:08]} Bb6 {[%emt 0:00:14]} 48. h4 {[%emt 0:00:38]} a5 {[%emt 0:00:12]} 49. h5 {[%emt 0:00:06]} axb4 {[%emt 0:00:06]} 50. hxg6+ {[%emt 0:00:03]} hxg6 {[%emt 0:00:02]} 51. axb4 {[%emt 0:00:01]} Bc7 {[%emt 0:00:03]} 52. Ra3 {[%emt 0:00:13]} Ke7 {[%emt 0:00:34]} 53. Ra7 {[%emt 0:00:24]} Kd7 {[%emt 0:00:10]} 54. Rb7 {[%emt 0:00:07]} Kc6 {[%emt 0:00:06]} 55. Ra7 {[%emt 0:00:03]} c3 {[%emt 0:00:10]} 56. Ra3 {[%emt 0:00:10]} Rc4 {[%emt 0:00:22]} 57. Ra1 {[%emt 0:00:05]} Rxb4 {[%emt 0:00:07]} 58. Kd3 {[%emt 0:00:04]} Bxf4 {[%emt 0:00:14]} 59. Ra6+ {[%emt 0:00:06]} Kd5 {[%emt 0:00:06]} 60. Kxc3 {[%emt 0:00:02]} Rc4+ {[%emt 0:00:03]} 61. Kd3 {[%emt 0:00:03]} Bxg5 {[%emt 0:00:03]} 62. f4 {[%emt 0:00:03]} Bf6 {[%emt 0:00:02]} 63. Ne3+ {[%emt 0:00:02]} Kc5 {[%emt 0:00:06]} 64. Nxc4 {[%emt 0:00:09]} bxc4+ {[%emt 0:00:02]} 65. Ke3 {[%emt 0:00:09]} Bd4+ {[%emt 0:00:12]} 66. Kd2 {[%emt 0:00:05]} Kd5 {[%emt 0:00:14]} 67. Ra4 {[%emt 0:00:05]} e5 {[%emt 0:01:33]} 68. fxe5 {[%emt 0:00:00]} Bxe5 {[%emt 0:00:08]} 69. Ke3 {[%emt 0:00:00]} Bd4+ {[%emt 0:00:28]} 70. Kf4 {[%emt 0:00:00]} c3 {[%emt 0:00:02]} 71. Ra2 {[%emt 0:00:16]} Kc4 {[%emt 0:00:50]} 72. Kg5 {[%emt 0:00:10]} Kb3 {[%emt 0:00:02]} 73. Ra8 {[%emt 0:00:05]} c2 {[%emt 0:00:03]} 74. Rb8+ {[%emt 0:00:04]} Kc4 {[%emt 0:00:05]} 0-1

[Event "ESP-ch Rapid 2018"]
[Site "Linares"]
[Date "2018.08.19"]
[Round "9"]
[White "Bento Iglesias, Pablo"]
[Black "Galvez Extremera, Francisco"]
[Result "0-1"]
[WhiteElo "2007"]
[BlackElo "2142"]
[Annotator "NA"]
[PlyCount "80"]
[EventDate "2018.08.19"]
[EventType "team-tourn"]
[EventCountry "ESP"]
[SourceTitle "playchess.com"]
[Source "ChessBase"]
[SourceQuality "1"]
[TimeControl "900+5"]

1. e4 {[%emt 0:00:00]} c6 {[%emt 0:00:17]} 2. c4 {[%emt 0:00:00]} d5 {[%emt 0:00:27]} 3. exd5 {[%emt 0:00:00]} cxd5 {[%emt 0:00:01]} 4. d4 {[%emt 0:00:00]} Nf6 {[%emt 0:00:04]} 5. Nc3 {[%emt 0:00:05]} e6 {[%emt 0:00:01]} 6. Bd3 {[%emt 0:00:07]} Be7 {[%emt 0:00:11]} 7. Nf3 {[%emt 0:00:09]} O-O {[%emt 0:00:14]} 8. O-O {[%emt 0:00:02]} dxc4 {[%emt 0:00:55]} 9. Bxc4 {[%emt 0:00:03]} a6 {[%emt 0:00:02]} 10. a3 {[%emt 0:00:26]} b5 {[%emt 0:00:03]} 11. Ba2 {[%emt 0:00:10]} Bb7 {[%emt 0:00:02]} 12. Be3 {[%emt 0:00:08]} Qd6 {[%emt 0:00:51]} 13. b4 {[%emt 0:00:52]} Nbd7 {[%emt 0:00:07]} 14. Rc1 {[%emt 0:00:15]} Ng4 {[%emt 0:00:34]} 15. d5 {[%emt 0:01:29]} Nxe3 {[%emt 0:00:29]} 16. fxe3 {[%emt 0:00:05]} exd5 {[%emt 0:02:50]} 17. Nxd5 {[%emt 0:00:24]} Nf6 {[%emt 0:00:24]} 18. Nxe7+ {[%emt 0:00:49]} Qxe7 {[%emt 0:00:02]} 19. Re1 {[%emt 0:00:33]} Rad8 {[%emt 0:00:12]} 20. Qe2 {[%emt 0:00:06]} Rfe8 {[%emt 0:00:18]} 21. Ng5 {[%emt 0:02:01]} Bd5 {[%emt 0:00:24]} 22. Bb1 {[%emt 0:00:52]} h6 {[%emt 0:00:37]} 23. Nf3 {[%emt 0:00:17]} Ng4 {[%emt 0:00:42]} 24. e4 {[%emt 0:00:14]} Qa7+ {[%emt 0:00:06]} 25. Kh1 {[%emt 0:00:55]} Nf2+ {[%emt 0:00:34]} 26. Kg1 {[%emt 0:00:01]} Nxe4+ {[%emt 0:00:09]} 27. Qe3 {[%emt 0:00:06]} Qb7 {[%emt 0:00:27]} 28. Nd2 {[%emt 0:00:16]} Nf6 {[%emt 0:00:06]} 29. Qg3 {[%emt 0:03:13]} Rxe1+ {[%emt 0:00:12]} 30. Rxe1 {[%emt 0:00:01]} Bxg2 {[%emt 0:00:16]} 31. Nb3 {[%emt 0:01:20]} Bc6 {[%emt 0:00:47]} 32. Nc5 {[%emt 0:00:01]} Qc8 {[%emt 0:00:15]} 33. h3 {[%emt 0:00:38]} Rd2 {[%emt 0:00:19]} 34. Qe5 {[%emt 0:00:35]} Rg2+ {[%emt 0:02:13]} 35. Kf1 {[%emt 0:00:01]} Rg5 {[%emt 0:00:50]} 36. Qe3 {[%emt 0:00:58]} g6 {[%emt 0:00:36]} 37. h4 {[%emt 0:00:37]} Rg2 {[%emt 0:00:11]} 38. Qf4 {[%emt 0:00:15]} Qh3 {[%emt 0:00:12]} 39. Qb8+ {[%emt 0:00:05]} Kg7 {[%emt 0:00:03]} 40. Be4 {[%emt 0:00:04]} Qh1# {[%emt 0:00:03]} 0-1

[Event "ESP-ch Rapid 2018"]
[Site "Linares"]
[Date "2018.08.19"]
[Round "9"]
[White "Blazquez Gomez, Miguel"]
[Black "Calzetta Ruiz, Monica"]
[Result "1-0"]
[WhiteElo "1998"]
[BlackElo "2302"]
[Annotator "NA"]
[PlyCount "120"]
[EventDate "2018.08.19"]
[EventType "team-tourn"]
[EventCountry "ESP"]
[SourceTitle "playchess.com"]
[Source "ChessBase"]
[SourceQuality "1"]
[TimeControl "900+5"]

1. e4 {[%emt 0:00:00]} c5 {[%emt 0:00:00]} 2. a3 {[%emt 0:00:00]} e5 {[%emt 0:00:02]} 3. Bc4 {[%emt 0:00:03]} Nf6 {[%emt 0:00:01]} 4. Nc3 {[%emt 0:00:04]} Be7 {[%emt 0:00:03]} 5. d3 {[%emt 0:00:02]} O-O {[%emt 0:00:07]} 6. f4 {[%emt 0:00:03]} Nc6 {[%emt 0:00:07]} 7. Nf3 {[%emt 0:00:07]} d6 {[%emt 0:00:10]} 8. f5 {[%emt 0:00:15]} Nd4 {[%emt 0:00:34]} 9. O-O {[%emt 0:00:14]} a6 {[%emt 0:01:22]} 10. Bg5 {[%emt 0:00:41]} b5 {[%emt 0:00:04]} 11. Ba2 {[%emt 0:00:02]} Bb7 {[%emt 0:00:07]} 12. Bxf6 {[%emt 0:00:21]} Bxf6 {[%emt 0:00:02]} 13. Nd5 {[%emt 0:00:09]} Rc8 {[%emt 0:01:02]} 14. c3 {[%emt 0:05:35]} Nxf3+ {[%emt 0:00:25]} 15. Qxf3 {[%emt 0:00:02]} c4 {[%emt 0:00:15]} 16. dxc4 {[%emt 0:00:07]} bxc4 {[%emt 0:00:02]} 17. Rad1 {[%emt 0:00:12]} Bxd5 {[%emt 0:03:30]} 18. Rxd5 {[%emt 0:00:07]} Qb6+ {[%emt 0:00:17]} 19. Qf2 {[%emt 0:00:39]} Qxf2+ {[%emt 0:00:10]} 20. Kxf2 {[%emt 0:00:59]} Rc6 {[%emt 0:00:06]} 21. Rfd1 {[%emt 0:00:24]} Rb8 {[%emt 0:00:02]} 22. R5d2 {[%emt 0:00:35]} Bg5 {[%emt 0:00:54]} 23. Re2 {[%emt 0:00:15]} Kf8 {[%emt 0:00:09]} 24. g3 {[%emt 0:00:01]} h5 {[%emt 0:01:41]} 25. h4 {[%emt 0:00:26]} Bh6 {[%emt 0:00:01]} 26. Kf3 {[%emt 0:00:44]} Ke7 {[%emt 0:00:02]} 27. g4 {[%emt 0:00:26]} hxg4+ {[%emt 0:00:02]} 28. Kxg4 {[%emt 0:00:01]} Bf4 {[%emt 0:00:21]} 29. Rf1 {[%emt 0:00:30]} a5 {[%emt 0:00:48]} 30. Rff2 {[%emt 0:00:16]} Kf6 {[%emt 0:00:19]} 31. Rf1 {[%emt 0:00:12]} Rb5 {[%emt 0:01:00]} 32. Rd1 {[%emt 0:00:12]} Rbc5 {[%emt 0:00:34]} 33. Kf3 {[%emt 0:00:06]} Rb6 {[%emt 0:00:04]} 34. a4 {[%emt 0:00:08]} g6 {[%emt 0:00:18]} 35. fxg6 {[%emt 0:00:05]} fxg6 {[%emt 0:00:02]} 36. Rg1 {[%emt 0:00:13]} Rb7 {[%emt 0:01:55]} 37. Reg2 {[%emt 0:00:03]} Rg7 {[%emt 0:00:01]} 38. Rd1 {[%emt 0:00:12]} Ke7 {[%emt 0:00:20]} 39. Rdg1 {[%emt 0:00:11]} Kf6 {[%emt 0:00:03]} 40. h5 {[%emt 0:00:29]} g5 {[%emt 0:00:01]} 41. Kg4 {[%emt 0:00:01]} Rh7 {[%emt 0:00:05]} 42. Rd1 {[%emt 0:00:04]} Ke7 {[%emt 0:00:07]} 43. Bb1 {[%emt 0:00:06]} Ke6 {[%emt 0:00:05]} 44. Rd5 {[%emt 0:00:16]} Rhc7 {[%emt 0:00:28]} 45. h6 {[%emt 0:00:11]} Be3 {[%emt 0:00:18]} 46. Rxc5 {[%emt 0:00:15]} Rxc5 {[%emt 0:00:06]} 47. h7 {[%emt 0:00:08]} Rc8 {[%emt 0:00:01]} 48. Ba2 {[%emt 0:00:04]} d5 {[%emt 0:00:02]} 49. exd5+ {[%emt 0:00:06]} Kxd5 {[%emt 0:00:01]} 50. Kf5 {[%emt 0:00:11]} e4 {[%emt 0:00:17]} 51. Rh2 {[%emt 0:00:14]} Rh8 {[%emt 0:00:03]} 52. Kg6 {[%emt 0:00:00]} Bf4 {[%emt 0:00:01]} 53. Rh1 {[%emt 0:00:15]} e3 {[%emt 0:00:02]} 54. Rd1+ {[%emt 0:00:12]} Ke4 {[%emt 0:00:17]} 55. Bxc4 {[%emt 0:00:07]} g4 {[%emt 0:00:17]} 56. Be2 {[%emt 0:00:30]} g3 {[%emt 0:00:03]} 57. Rd4+ {[%emt 0:00:03]} Ke5 {[%emt 0:00:02]} 58. Bf3 {[%emt 0:00:04]} Rc8 59. Re4+ Kd6 60. Rxf4 Ra8 1-0

[Event "ESP-ch Rapid 2018"]
[Site "Linares"]
[Date "2018.08.19"]
[Round "9"]
[White "Diaz Rodriguez, Jose Antonio"]
[Black "Alvarez Serrano, Carlos"]
[Result "0-1"]
[WhiteElo "1991"]
[BlackElo "2225"]
[Annotator "NA"]
[PlyCount "73"]
[EventDate "2018.08.19"]
[EventType "team-tourn"]
[EventCountry "ESP"]
[SourceTitle "playchess.com"]
[Source "ChessBase"]
[SourceQuality "1"]
[TimeControl "900+5"]

1. e4 {[%emt 0:00:00]} c5 {[%emt 0:00:00]} 2. Nf3 {[%emt 0:00:00]} d6 {[%emt 0:00:00]} 3. c3 {[%emt 0:00:00]} Nf6 {[%emt 0:00:00]} 4. h3 {[%emt 0:00:03]} Bd7 {[%emt 0:00:01]} 5. Bd3 {[%emt 0:00:04]} Bc6 {[%emt 0:00:03]} 6. Qe2 {[%emt 0:00:02]} Nbd7 {[%emt 0:00:18]} 7. O-O {[%emt 0:00:10]} g6 {[%emt 0:00:06]} 8. Bc2 {[%emt 0:00:03]} e5 {[%emt 0:00:01]} 9. d4 {[%emt 0:00:23]} b6 {[%emt 0:00:20]} 10. dxe5 {[%emt 0:00:22]} dxe5 {[%emt 0:00:06]} 11. Rd1 {[%emt 0:00:26]} Qc7 {[%emt 0:00:01]} 12. Bg5 {[%emt 0:00:53]} Bg7 {[%emt 0:00:01]} 13. Nbd2 {[%emt 0:00:15]} O-O {[%emt 0:00:03]} 14. Qe3 {[%emt 0:00:23]} Rad8 {[%emt 0:00:08]} 15. Nf1 {[%emt 0:00:43]} Qb7 {[%emt 0:00:01]} 16. Ng3 {[%emt 0:00:02]} c4 {[%emt 0:00:27]} 17. Rd6 {[%emt 0:00:27]} Rc8 {[%emt 0:00:53]} 18. Rad1 {[%emt 0:00:30]} Ne8 {[%emt 0:00:01]} 19. R6d2 {[%emt 0:02:32]} Nc5 {[%emt 0:00:01]} 20. Bh6 {[%emt 0:01:09]} f6 {[%emt 0:00:34]} 21. Bxg7 {[%emt 0:00:26]} Kxg7 {[%emt 0:00:02]} 22. b3 {[%emt 0:00:23]} cxb3 {[%emt 0:00:11]} 23. axb3 {[%emt 0:00:17]} Nc7 {[%emt 0:00:22]} 24. b4 {[%emt 0:01:45]} N5e6 {[%emt 0:00:01]} 25. Bb3 {[%emt 0:02:03]} Rcd8 {[%emt 0:00:07]} 26. Rd6 {[%emt 0:00:20]} Rxd6 {[%emt 0:00:15]} 27. Rxd6 {[%emt 0:00:02]} Nf4 {[%emt 0:00:05]} 28. Qd2 {[%emt 0:00:38]} Nb5 {[%emt 0:00:01]} 29. Rd8 {[%emt 0:00:17]} Qe7 {[%emt 0:00:27]} 30. Rxf8 {[%emt 0:00:18]} Qxf8 {[%emt 0:00:03]} 31. Nh4 {[%emt 0:00:14]} Kh8 {[%emt 0:00:24]} 32. Bd5 {[%emt 0:00:41]} Qd6 {[%emt 0:00:13]} 33. c4 {[%emt 0:00:05]} Nd4 {[%emt 0:00:01]} 34. b5 {[%emt 0:00:30]} Bd7 {[%emt 0:00:01]} 35. Qa2 {[%emt 0:00:13]} g5 {[%emt 0:01:21]} 36. Nhf5 {[%emt 0:01:15]} Bxf5 {[%emt 0:00:07]} 37. Nxf5 0-1